000 00343 a2200157 4500
001 153082
040 _cEscola São Tomás de Aquino
100 _aBANDEIRA, Pedro
240 1 0 _aO grande desafio
_lpor
245 1 0 _aO grande desafio
300 _a142
362 0 _a1998
440 1 _aÁtica
697 _a*LITERATURA JUVENIL
942 _cBK
999 _c153082
_d153082